Revue d'économie financière
محفوظ في:
التنسيق: دورية
اللغة: Undetermined
منشور في:
JSTOR
Association d'économie financière
الموضوعات:
الوصول للمادة أونلاين: Login to view Source
الوسوم: إضافة وسم
لا توجد وسوم, كن أول من يضع وسما على هذه التسجيلة!
رقم الطلب:
| LEADER | 00542nas a2200181Ia 4500 | ||
|---|---|---|---|
| 008 | 220214c99999999xx |||||||||||| ||und|| | ||
| 022 | |a 0987-3368 | ||
| 022 | |a 1777-5744 | ||
| 245 | 0 | 0 | |a Revue d'économie financière |
| 264 | 1 | |b JSTOR | |
| 264 | 1 | |b Association d'économie financière | |
| 362 | 0 | |a (1987)-(2017) | |
| 653 | 1 | 0 | |a Economics |
| 653 | 1 | 0 | |a Finance |
| 856 | 4 | 0 | |u https://www.jstor.org/journal/revueconfina |
| 942 | |c JL | ||
| 952 | |0 0 |1 0 |4 0 |7 1 |9 37020 |a JSR |b JSR |d 2022-02-14 |l 0 |r 2022-02-14 00:00:00 |w 2022-02-14 |y JL | ||
| 999 | |c 45352 |d 45352 | ||
